| 000 | 00445nam a22001697a 4500 | ||
|---|---|---|---|
| 005 | 20231127071502.0 | ||
| 008 | 231127b |||||||| |||| 00| 0 eng d | ||
| 020 | _a0869766511 | ||
| 022 | _a10268405 | ||
| 041 | _aEnglish | ||
| 082 | _a340.5 CUS | ||
| 100 | _lEnglish | ||
| 245 | _aReport on Customary Law Marriages | ||
| 300 |
_bv, 17 pages ; _c30,3 cm. |
||
| 650 |
_aLegal practice _bLaw |
||
| 942 |
_cBK _6ALISON_BN_VRIES |
||
| 999 |
_c961 _d961 |
||